[Event "FIDE World Blitz-ch Women 2018"]
[Site "St. Petersburg"]
[Date "2018.12.30"]
[Round "12.18"]
[White "Javakhishvili, Lela"]
[Black "Gevorgyan, Maria"]
[Result "1-0"]
[WhiteElo "2464"]
[BlackElo "2228"]
[Annotator "ChessBase"]
[PlyCount "101"]
[EventDate "2018.12.19"]
[EventType "swiss"]
[EventCountry "RUS"]
[SourceTitle "playchess.com"]
[Source "ChessBase"]
[SourceQuality "1"]

1. c4 Nf6 2. Nc3 e6 3. d4 Bb4 4. e3 d5 5. a3 Bxc3+ 6. bxc3 O-O 7. Bd3 b6 8. Ne2 Bb7 9. cxd5 Qxd5 10. f3 c5 11. O-O Qd7 12. e4 Nc6 13. Be3 cxd4 14. cxd4 Rfd8 15. Qe1 Ne7 16. Qg3 Ng6 17. Bg5 Rdc8 18. Bxf6 gxf6 19. h4 Kf8 20. h5 Ne7 21. Qf4 Ng8 22. Rad1 Qc7 23. Qh4 Qd6 24. e5 fxe5 25. Bxh7 Qxa3 26. Qg5 Ne7 27. h6 Nd5 28. Bd3 Qe7 29. Qg7+ Ke8 30. Bb5+ Bc6 31. Bxc6+ Rxc6 32. h7 Kd7 33. h8=Q Rxh8 34. Qxh8 Rc2 35. Ng3 Nf4 36. dxe5+ Kc7 37. Qf6 Rxg2+ 38. Kh1 Qb4 39. Qd8+ Kb7 40. Qd7+ Kb8 41. Qd6+ Qxd6 42. exd6 Rxg3 43. d7 Rh3+ 44. Kg1 Rg3+ 45. Kf2 Rg2+ 46. Ke3 e5 47. d8=Q+ Kb7 48. Qd7+ Kb8 49. Qe8+ Kb7 50. Qe7+ Ka6 51. Ra1+ 1-0

[Event "FIDE World Blitz-ch Women 2018"]
[Site "St. Petersburg"]
[Date "2018.12.30"]
[Round "12.20"]
[White "Vo, Thi Kim Phung"]
[Black "Nebolsina, Vera"]
[Result "1/2-1/2"]
[WhiteElo "2352"]
[BlackElo "2242"]
[Annotator "NA"]
[PlyCount "134"]
[EventDate "2018.12.19"]
[EventType "swiss"]
[EventCountry "RUS"]
[SourceTitle "playchess.com"]
[Source "ChessBase"]
[SourceQuality "1"]

1. d4 Nf6 2. c4 g6 3. Nc3 d5 4. Bg5 Ne4 5. cxd5 Nxg5 6. h4 Ne6 7. dxe6 Bxe6 8. d5 Bc8 9. Qd4 Rg8 10. Nf3 Bg7 11. Qa4+ Qd7 12. Qb3 Na6 13. e4 Nc5 14. Qc2 Bxc3+ 15. bxc3 Qa4 16. Qxa4+ Nxa4 17. Bb5+ Bd7 18. Bxa4 Bxa4 19. Kd2 O-O-O 20. c4 f6 21. Ke3 c5 22. h5 g5 23. Nd2 Kc7 24. g3 h6 25. f3 Be8 26. Rab1 b6 27. Rb2 Kd6 28. a4 Kc7 29. a5 Rb8 30. axb6+ axb6 31. g4 Bd7 32. Ra1 Ra8 33. Rba2 Rxa2 34. Rxa2 Kb7 35. Nb3 Ra8 36. Rxa8 Kxa8 37. e5 Kb7 38. e6 Ba4 39. Nd2 Kc7 40. Ne4 Bb3 41. Kd3 Bd1 42. Ke3 Bb3 43. Kd3 Bd1 44. d6+ exd6 45. Nxf6 Kd8 46. Ng8 Bxf3 47. Nxh6 d5 48. Ke3 Bh1 49. cxd5 Bxd5 50. Nf7+ Ke7 51. Nxg5 Bxe6 52. Nxe6 Kxe6 53. g5 Kf5 54. g6 Kf6 55. Kd3 b5 56. Kc3 c4 57. Kb4 Kg7 58. Kc3 Kh6 59. Kd4 Kg7 60. Kc3 Kh6 61. Kb4 Kg7 62. Ka3 Kh6 63. Kb4 Kg7 64. Kc3 Kh6 65. Kd4 Kg7 66. Kc3 Kh6 67. Kb4 Kg7 1/2-1/2

[Event "FIDE World Blitz-ch Women 2018"]
[Site "St. Petersburg"]
[Date "2018.12.30"]
[Round "12.21"]
[White "Gaponenko, Inna"]
[Black "Sirotkina, Nina"]
[Result "1-0"]
[WhiteElo "2420"]
[BlackElo "2188"]
[Annotator "NA"]
[PlyCount "75"]
[EventDate "2018.12.19"]
[EventType "swiss"]
[EventCountry "RUS"]
[SourceTitle "playchess.com"]
[Source "ChessBase"]
[SourceQuality "1"]

1. e4 c5 2. Nf3 e6 3. c3 d5 4. exd5 Qxd5 5. d4 Nf6 6. Bd3 Be7 7. O-O cxd4 8. cxd4 O-O 9. Nc3 Qd6 10. Qe2 Nc6 11. Be3 a6 12. Rac1 Bd7 13. Bb1 Rac8 14. Rfd1 Nb4 15. Ne5 Nbd5 16. Qd3 g6 17. Bh6 Rfd8 18. Qf3 Be8 19. h4 Nxc3 20. bxc3 Qd5 21. Qe3 b5 22. Bg5 Bc6 23. f3 Qd6 24. Qf4 b4 25. Bxf6 Bxf6 26. Qxf6 Qf8 27. cxb4 Ba4 28. Re1 Qg7 29. Qxg7+ Kxg7 30. Rxc8 Rxc8 31. Bd3 Rd8 32. Bxa6 Rxd4 33. b5 Rb4 34. Nd3 Rd4 35. b6 Bc6 36. Ne5 Bd5 37. Rb1 Ra4 38. b7 1-0

[Event "FIDE World Blitz-ch Women 2018"]
[Site "St. Petersburg"]
[Date "2018.12.30"]
[Round "12.22"]
[White "Chernyak, Viktoria"]
[Black "Nakhbayeva, Guliskhan"]
[Result "1-0"]
[WhiteElo "2186"]
[BlackElo "2371"]
[Annotator "NA"]
[PlyCount "73"]
[EventDate "2018.12.19"]
[EventType "swiss"]
[EventCountry "RUS"]
[SourceTitle "playchess.com"]
[Source "ChessBase"]
[SourceQuality "1"]

1. c4 e6 2. Nf3 Nf6 3. g3 d5 4. cxd5 exd5 5. Bg2 c6 6. O-O Bd6 7. Nc3 O-O 8. d3 Re8 9. Qc2 Bf5 10. Re1 Na6 11. e4 Nb4 12. Qb1 Nxd3 13. Qxd3 dxe4 14. Nxe4 Bxe4 15. Qf1 Qc7 16. Bg5 Nd5 17. Qc4 Bg6 18. Red1 h6 19. Bd2 b5 20. Qb3 a5 21. a4 b4 22. Rac1 Qb6 23. Qc4 Rac8 24. Nh4 Bh5 25. g4 Bxh2+ 26. Kxh2 Qxf2 27. gxh5 Re5 28. Be1 Qf6 29. Bxd5 Rxd5 30. Rxd5 Qxb2+ 31. Rc2 Qf6 32. Rf5 Qe7 33. Bg3 Rd8 34. Rcf2 b3 35. Qxb3 Rd4 36. Ng2 Qe1 37. Qxf7+ 1-0

[Event "FIDE World Blitz-ch Women 2018"]
[Site "St. Petersburg"]
[Date "2018.12.30"]
[Round "12.23"]
[White "Skripchenko, Almira"]
[Black "Nomin-Erdene, Davaademberel"]
[Result "1/2-1/2"]
[WhiteElo "2408"]
[BlackElo "2376"]
[Annotator "NA"]
[PlyCount "127"]
[EventDate "2018.12.19"]
[EventType "swiss"]
[EventCountry "RUS"]
[SourceTitle "playchess.com"]
[Source "ChessBase"]
[SourceQuality "1"]

1. Nf3 f5 2. d3 d6 3. e4 e5 4. Nc3 Nc6 5. g3 Nf6 6. Bg2 Be6 7. O-O fxe4 8. dxe4 Qd7 9. Re1 Bg4 10. Nd5 Nd4 11. c3 Nxf3+ 12. Bxf3 Bxf3 13. Nxf6+ gxf6 14. Qxf3 Bg7 15. Be3 O-O 16. g4 d5 17. Rad1 dxe4 18. Rxd7 exf3 19. Rxc7 Rf7 20. Rxf7 Kxf7 21. Rd1 Ke6 22. Bc5 Bf8 23. Bxf8 Rxf8 24. Rd3 e4 25. Rd4 Ke5 26. Rd7 Kf4 27. h3 h5 28. gxh5 Rg8+ 29. Kf1 Rg2 30. h6 Rh2 31. Ke1 Rxh3 32. h7 Rh1+ 33. Kd2 Rh2 34. Kd1 Rh1+ 35. Kc2 Rh2 36. Kb3 e3 37. Rd4+ Ke5 38. fxe3 Rxh7 39. Rf4 Rh3 40. Kc4 f5 41. b4 Rg3 42. Kc5 f2 43. Rxf2 Rxe3 44. c4 f4 45. b5 Ke4 46. Kd6 Rc3 47. c5 f3 48. c6 bxc6 49. bxc6 Ke3 50. Rf1 Ke2 51. Rh1 f2 52. c7 f1=Q 53. Rxf1 Kxf1 54. Kd7 Rd3+ 55. Kc6 Rc3+ 56. Kb7 a5 57. a4 Ke2 58. c8=Q Rxc8 59. Kxc8 Kd3 60. Kd7 Kc4 61. Ke6 Kb4 62. Kd5 Kxa4 63. Kc4 Ka3 64. Kc3 1/2-1/2

[Event "FIDE World Blitz-ch Women 2018"]
[Site "St. Petersburg"]
[Date "2018.12.30"]
[Round "12.24"]
[White "Danielian, Elina"]
[Black "Tsolakidou, Stavroula"]
[Result "1/2-1/2"]
[WhiteElo "2427"]
[BlackElo "2387"]
[Annotator "NA"]
[PlyCount "160"]
[EventDate "2018.12.19"]
[EventType "swiss"]
[EventCountry "RUS"]
[SourceTitle "playchess.com"]
[Source "ChessBase"]
[SourceQuality "1"]

1. d4 Nf6 2. Bg5 d5 3. e3 c5 4. Bxf6 gxf6 5. dxc5 Nc6 6. c4 dxc4 7. Qxd8+ Kxd8 8. Bxc4 e6 9. Nc3 Bxc5 10. a3 Ke7 11. Rc1 Bd6 12. Nf3 a6 13. Be2 f5 14. O-O Bd7 15. Rfd1 Rad8 16. g3 Ne5 17. Nxe5 Bxe5 18. f4 Bb8 19. Bf3 Ba7 20. Kf2 Rb8 21. Ke2 b5 22. Na2 Bb6 23. Nb4 a5 24. Nc6+ Bxc6 25. Rxc6 Rhc8 26. Rdc1 Rxc6 27. Rxc6 Kd7 28. Rc1 b4 29. axb4 axb4 30. e4 fxe4 31. Bxe4 h6 32. Bc6+ Ke7 33. Bf3 b3 34. Rc4 Bd8 35. Kd2 Kf8 36. Bd1 Bf6 37. Kc1 Kg7 38. Re4 Rc8+ 39. Kb1 Rd8 40. Kc1 Rc8+ 41. Kb1 Rd8 42. Kc1 Bxb2+ 43. Kxb2 Rxd1 44. Kxb3 Rd2 45. Kc4 Rxh2 46. Re3 Kf6 47. Kd4 h5 48. Ke4 Rf2 49. Ra3 Kg6 50. Ke3 Rf1 51. Ke2 Rb1 52. Kf3 f6 53. Ra6 Kf5 54. Ra5+ e5 55. fxe5 fxe5 56. Ra4 Rb3+ 57. Kg2 e4 58. Ra8 Rb2+ 59. Kf1 Kg4 60. Rg8+ Kf3 61. Rf8+ Kxg3 62. Rg8+ Kf3 63. Rf8+ Ke3 64. Rh8 Rf2+ 65. Kg1 Rf5 66. Kg2 Ke2 67. Kg3 e3 68. Ra8 Rf3+ 69. Kg2 Rf2+ 70. Kg3 Rf5 71. Ra2+ Kd3 72. Ra3+ Kd4 73. Ra4+ Ke5 74. Ra3 Rg5+ 75. Kf3 Kf5 76. Rxe3 h4 77. Re8 Rg3+ 78. Kf2 Ra3 79. Kg2 Kg4 80. Re4+ Kg5 1/2-1/2

[Event "FIDE World Blitz-ch Women 2018"]
[Site "St. Petersburg"]
[Date "2018.12.30"]
[Round "12.25"]
[White "Mammadzada, Gunay"]
[Black "Semenova, Elena"]
[Result "1-0"]
[WhiteElo "2422"]
[BlackElo "2260"]
[Annotator "NA"]
[PlyCount "61"]
[EventDate "2018.12.19"]
[EventType "swiss"]
[EventCountry "RUS"]
[SourceTitle "playchess.com"]
[Source "ChessBase"]
[SourceQuality "1"]

1. e4 e5 2. Nf3 Nc6 3. Bb5 Nf6 4. O-O Nxe4 5. d4 Nd6 6. dxe5 Nxb5 7. a4 Nd6 8. Bg5 Be7 9. exd6 cxd6 10. Re1 O-O 11. Bxe7 Nxe7 12. Qxd6 Nf5 13. Qf4 d6 14. Nc3 Be6 15. Nd4 Nxd4 16. Qxd4 Qc7 17. Re3 Qc5 18. Rd1 Rfd8 19. Rg3 Qxd4 20. Rxd4 Kf8 21. Nb5 Rac8 22. c3 Rc4 23. Rgd3 a6 24. Nxd6 Rxd4 25. Rxd4 Ke7 26. Nxb7 Rxd4 27. cxd4 Bb3 28. Nc5 Bc2 29. a5 Kd6 30. Nxa6 Kd5 31. Nb4+ 1-0

[Event "FIDE World Blitz-ch Women 2018"]
[Site "St. Petersburg"]
[Date "2018.12.30"]
[Round "12.27"]
[White "Sukhareva, Evgeniya"]
[Black "Drozdova, Dina"]
[Result "0-1"]
[WhiteElo "2126"]
[BlackElo "2178"]
[Annotator "NA"]
[PlyCount "170"]
[EventDate "2018.12.19"]
[EventType "swiss"]
[EventCountry "RUS"]
[SourceTitle "playchess.com"]
[Source "ChessBase"]
[SourceQuality "1"]

1. d4 Nf6 2. c4 e6 3. Nc3 Bb4 4. Qc2 O-O 5. e4 d6 6. Nf3 Bxc3+ 7. bxc3 Nc6 8. e5 dxe5 9. dxe5 Nd7 10. Bf4 Nc5 11. Rd1 Qe7 12. Be2 Bd7 13. O-O Rad8 14. Bg5 f6 15. exf6 gxf6 16. Be3 b6 17. Rfe1 Be8 18. Nd4 Ne5 19. f4 Ng6 20. f5 Ne5 21. fxe6 Nxe6 22. Nf5 Qa3 23. Bh6 Rxd1 24. Rxd1 Rf7 25. Bc1 Qa4 26. Nh6+ Kf8 27. Qxa4 Bxa4 28. Ba3+ c5 29. Rf1 Rd7 30. Rxf6+ Ke7 31. Ng8+ Kd6 32. Bc1 Rf7 33. Rh6 Bc2 34. Nf6 Bg6 35. Ng4 Nxg4 36. Bxg4 Nf4 37. Bf3 Nd3 38. Bd2 Ne5 39. Bd5 Rf8 40. h3 Kd7 41. Rh4 Nc6 42. Bh6 Re8 43. Rf4 Re1+ 44. Kh2 Re2 45. Bg5 Nd8 46. Rf6 Rxa2 47. Rf8 Ne6 48. Bxe6+ Kxe6 49. Rb8 Ra4 50. Rb7 Rxc4 51. Rxa7 Rxc3 52. Rb7 Rb3 53. h4 c4 54. Rc7 b5 55. Bd2 Rb2 56. Bc3 Rb3 57. Bd2 Rb2 58. Bc3 Rc2 59. Bb4 Be4 60. Re7+ Kd5 61. Rd7+ Ke5 62. Re7+ Kd4 63. Rd7+ Ke3 64. Rg7 Rb2 65. Bc5+ Kd3 66. Rd7+ Kc2 67. Kg3 Kb3 68. Rd4 Bd3 69. Kf3 Kc2 70. g4 b4 71. g5 b3 72. h5 Rb1 73. Ke3 Re1+ 74. Kf2 Re5 75. Ba3 Rxg5 76. h6 b2 77. Bxb2 Kxb2 78. Rd6 Rh5 79. Ke3 Kc3 80. Rc6 Re5+ 81. Kf2 Kc2 82. Kf3 c3 83. Kf4 Re8 84. Kf3 Kd2 85. Kf2 c2 0-1

[Event "FIDE World Blitz-ch Women 2018"]
[Site "St. Petersburg"]
[Date "2018.12.30"]
[Round "12.28"]
[White "Tokhirjonova, Gulrukhbegim"]
[Black "Zhao, Xue"]
[Result "0-1"]
[WhiteElo "2444"]
[BlackElo "2485"]
[Annotator "ChessBase"]
[PlyCount "92"]
[EventDate "2018.12.19"]
[EventType "swiss"]
[EventCountry "RUS"]
[SourceTitle "playchess.com"]
[Source "ChessBase"]
[SourceQuality "1"]

1. e4 e5 2. Nf3 Nc6 3. Bb5 Nge7 4. c3 a6 5. Ba4 g6 6. d4 exd4 7. cxd4 d5 8. exd5 Nxd5 9. O-O b5 10. Re1+ Be6 11. Bb3 Bg7 12. Bxd5 Qxd5 13. Nc3 Qf5 14. d5 O-O-O 15. a4 Bxd5 16. Nxd5 Rxd5 17. Qb3 b4 18. Be3 Qd3 19. Qxd3 Rxd3 20. Rac1 Kb7 21. Rc4 Rhd8 22. h4 Rd1 23. Rc2 Rxe1+ 24. Nxe1 Rd1 25. Kf1 Rb1 26. Bc1 b3 27. Rc4 Bxb2 28. Bxb2 Rxb2 29. Nd3 Rc2 30. Rxc2 bxc2 31. Ke2 Nb4 32. Nc1 Kc6 33. Kd2 Kc5 34. Kc3 a5 35. g3 f5 36. f3 Kd5 37. Nb3 Nc6 38. Nc1 Nd4 39. g4 c5 40. gxf5 gxf5 41. h5 h6 42. f4 Ke4 43. Kc4 Ke3 44. Kxc5 Kd2 45. Na2 Nb3+ 46. Kd5 Nc1 0-1

[Event "FIDE World Blitz-ch Women 2018"]
[Site "St. Petersburg"]
[Date "2018.12.30"]
[Round "12.29"]
[White "Belenkaya, Dina"]
[Black "Muzychuk, Mariya"]
[Result "0-1"]
[WhiteElo "2338"]
[BlackElo "2540"]
[Annotator "ChessBase"]
[PlyCount "104"]
[EventDate "2018.12.19"]
[EventType "swiss"]
[EventCountry "RUS"]
[SourceTitle "playchess.com"]
[Source "ChessBase"]
[SourceQuality "1"]

1. e4 c5 2. Nf3 e6 3. c4 Nc6 4. Be2 d6 5. O-O Nf6 6. Nc3 Nd4 7. d3 Nxe2+ 8. Qxe2 Be7 9. Rd1 O-O 10. d4 cxd4 11. Nxd4 a6 12. Be3 Bd7 13. Rac1 Rc8 14. b3 Qc7 15. f3 Rfd8 16. Kh1 Qb8 17. a3 Be8 18. b4 b6 19. Nb3 Bf8 20. Rc2 Bc6 21. Qf2 b5 22. cxb5 axb5 23. Nd4 Nd7 24. Rdc1 Ne5 25. Qe2 Nc4 26. Nxc6 Rxc6 27. Nxb5 Qxb5 28. Rxc4 Rdc8 29. Rxc6 Qxe2 30. Rxc8 Qxe3 31. b5 g6 32. a4 Qb3 33. Ra8 Kg7 34. h3 Be7 35. Rcc8 Bf6 36. Rc1 Be5 37. Re1 Qc3 38. Rf1 Qd3 39. Re1 Qd2 40. Rf1 Qe2 41. Rb1 Qf2 42. b6 Qg3 43. f4 Bxf4 44. Kg1 Be3+ 45. Kh1 Bf4 46. Kg1 Qe3+ 47. Kh1 Qxe4 48. Rd1 Qxa8 49. a5 Qxa5 50. Rb1 Qa2 51. Rf1 Qb2 52. Rxf4 Qxb6 0-1

[Event "FIDE World Blitz-ch Women 2018"]
[Site "St. Petersburg"]
[Date "2018.12.30"]
[Round "12.30"]
[White "Badelka, Olga"]
[Black "Zhukova, Natalia"]
[Result "0-1"]
[WhiteElo "2385"]
[BlackElo "2377"]
[Annotator "NA"]
[PlyCount "86"]
[EventDate "2018.12.19"]
[EventType "swiss"]
[EventCountry "RUS"]
[SourceTitle "playchess.com"]
[Source "ChessBase"]
[SourceQuality "1"]

1. d4 Nf6 2. Nc3 d5 3. Bf4 e6 4. e3 a6 5. Nf3 Bd6 6. Bg3 O-O 7. Bd3 c5 8. dxc5 Bxc5 9. a3 Nc6 10. O-O Bd6 11. Qe2 Bxg3 12. hxg3 e5 13. e4 d4 14. Nb1 Qd6 15. Nbd2 Ng4 16. Nc4 Qh6 17. Qd2 Qh5 18. Qg5 Qxg5 19. Nxg5 h6 20. Nf3 Be6 21. Nb6 Rad8 22. b4 Na7 23. a4 Nc8 24. Nc4 Bxc4 25. Bxc4 Nd6 26. Bd5 Rc8 27. Rfc1 Rc3 28. Ne1 Nf6 29. f3 Nxd5 30. exd5 Rfc8 31. Rab1 Nf5 32. Nd3 f6 33. Nc5 a5 34. g4 Ne3 35. Nxb7 d3 36. d6 d2 37. Rd1 Rxc2 38. d7 Rf8 39. Kf2 Nxd1+ 40. Rxd1 axb4 41. Nd6 Rd8 42. a5 Rxd7 43. Nb5 Ra2 0-1

[Event "FIDE World Blitz-ch Women 2018"]
[Site "St. Petersburg"]
[Date "2018.12.30"]
[Round "12.31"]
[White "Mkrtchian, Lilit"]
[Black "Solozhenkina, Elizaveta"]
[Result "1/2-1/2"]
[WhiteElo "2392"]
[BlackElo "2258"]
[Annotator "NA"]
[PlyCount "133"]
[EventDate "2018.12.19"]
[EventType "swiss"]
[EventCountry "RUS"]
[SourceTitle "playchess.com"]
[Source "ChessBase"]
[SourceQuality "1"]

1. c4 e6 2. Nf3 d5 3. e3 Nf6 4. b3 Bd6 5. Bb2 O-O 6. Nc3 b6 7. Qc2 a6 8. d4 Bb7 9. Bd3 Nbd7 10. O-O Qe7 11. cxd5 exd5 12. Rac1 Ne4 13. Ne2 Rac8 14. Ng3 g6 15. Qe2 Ra8 16. Rc2 f5 17. Rfc1 c6 18. Re1 a5 19. Rcc1 h5 20. Nf1 h4 21. N3d2 h3 22. g3 a4 23. f3 Ng5 24. f4 Ne4 25. Nf3 axb3 26. axb3 Ra2 27. Ra1 Rfa8 28. Rxa2 Rxa2 29. Ra1 Rxa1 30. Bxa1 Ba3 31. Ne5 Nxe5 32. fxe5 Qb4 33. Bc2 Qa5 34. g4 Ba6 35. Qd1 Be7 36. gxf5 Bh4 37. f6 Kf7 38. Bb2 Bf2+ 39. Kh1 Bc8 40. Bxe4 dxe4 41. Ng3 Qb4 42. Qe2 Be1 43. Bc1 Bc3 44. Qc4+ Qxc4 45. bxc4 Bg4 46. Kg1 Bf3 47. Kf2 b5 48. d5 bxc4 49. dxc6 Bg4 50. Nxe4 Bxe5 51. Bd2 Bxh2 52. Ng3 Bxg3+ 53. Kxg3 Kxf6 54. Bc3+ Ke6 55. c7 Kd7 56. Be5 Be6 57. Kh2 g5 58. Kg3 g4 59. Kh2 c3 60. Bxc3 Kxc7 61. Be5+ Kc6 62. Kg3 Kd5 63. Bf4 Ke4 64. Kh2 Kf3 65. Be5 Kxe3 66. Bg3 Kf3 67. Be5 1/2-1/2

[Event "FIDE World Blitz-ch Women 2018"]
[Site "St. Petersburg"]
[Date "2018.12.30"]
[Round "12.32"]
[White "Yurasova, Daria"]
[Black "Charochkina, Daria"]
[Result "0-1"]
[WhiteElo "2190"]
[BlackElo "2344"]
[Annotator "NA"]
[PlyCount "90"]
[EventDate "2018.12.19"]
[EventType "swiss"]
[EventCountry "RUS"]
[SourceTitle "playchess.com"]
[Source "ChessBase"]
[SourceQuality "1"]

1. d4 d5 2. Nf3 Nf6 3. g3 g6 4. Bg2 Bg7 5. c4 dxc4 6. O-O O-O 7. Qc2 Be6 8. Na3 Nc6 9. Rd1 Nb4 10. Qd2 a5 11. Ne5 Bd5 12. Naxc4 Bxg2 13. Kxg2 Qd5+ 14. Kg1 Ne4 15. Qf4 f6 16. Ne3 fxe5 17. Qxf8+ Rxf8 18. Nxd5 Nxd5 19. dxe5 c6 20. f3 Nc5 21. Bg5 Bxe5 22. e4 Nf6 23. Be3 b6 24. Rab1 Na4 25. Rd2 c5 26. f4 Ng4 27. fxe5 Nxe3 28. Rd7 Kf7 29. Re1 Nc4 30. b3 Nxe5 31. Rd5 Nf3+ 32. Kf2 Nxe1 33. Kxe1 Nc3 34. Rd7 Nxe4 35. Rb7 Rc8 36. Rxb6 c4 37. bxc4 Rxc4 38. Rb2 a4 39. Ke2 Nd6 40. Kd3 Rc5 41. Kd4 Rc1 42. Rf2+ Ke6 43. Re2+ Kd7 44. h4 Rg1 45. Kc5 Rxg3 0-1

[Event "FIDE World Blitz-ch Women 2018"]
[Site "St. Petersburg"]
[Date "2018.12.30"]
[Round "12.33"]
[White "Batsiashvili, Nino"]
[Black "Shafigullina, Zarina"]
[Result "1-0"]
[WhiteElo "2459"]
[BlackElo "2140"]
[Annotator "TA"]
[PlyCount "103"]
[EventDate "2018.12.19"]
[EventType "swiss"]
[EventCountry "RUS"]
[SourceTitle "playchess.com"]
[Source "ChessBase"]
[SourceQuality "1"]

1. d4 Nf6 2. c4 e6 3. g3 b6 4. Bg2 d5 5. cxd5 exd5 6. Nc3 Be7 7. Nf3 Bb7 8. O-O O-O 9. Bf4 c5 10. Ne5 Ne4 11. Nxe4 dxe4 12. dxc5 Bxc5 13. Qxd8 Rxd8 14. Rfd1 Na6 15. a3 Bd4 16. Nc4 Nc5 17. Nd6 Bxb2 18. Nxb7 Nxb7 19. Rab1 Rxd1+ 20. Rxd1 Nc5 21. f3 f5 22. fxe4 fxe4 23. a4 Re8 24. Bh3 h6 25. Be3 Bf6 26. a5 Rd8 27. Rb1 Na4 28. Rb4 Nc3 29. axb6 axb6 30. Rxb6 Nxe2+ 31. Kf2 Nd4 32. Rb4 Nc2 33. Rxe4 Nxe3 34. Kxe3 Ra8 35. Be6+ Kf8 36. h4 g5 37. h5 Ra3+ 38. Kf2 Rc3 39. Bf5 Rc2+ 40. Kf3 Rc3+ 41. Kg4 Kg7 42. Ra4 Rc7 43. Bg6 Be5 44. Ra3 Rc4+ 45. Kf5 Rc5 46. Ra7+ Bc7+ 47. Ke6 Kf8 48. Ra8+ Kg7 49. Ra7 Kf8 50. g4 Re5+ 51. Kf6 Re7 52. Ra8+ 1-0

[Event "FIDE World Blitz-ch Women 2018"]
[Site "St. Petersburg"]
[Date "2018.12.30"]
[Round "12.34"]
[White "Arutyunova, Diana"]
[Black "Assaubayeva, Bibisara"]
[Result "0-1"]
[WhiteElo "2227"]
[BlackElo "2372"]
[Annotator "NA"]
[PlyCount "128"]
[EventDate "2018.12.19"]
[EventType "swiss"]
[EventCountry "RUS"]
[SourceTitle "playchess.com"]
[Source "ChessBase"]
[SourceQuality "1"]

1. e4 e5 2. Nf3 Nc6 3. d4 exd4 4. Nxd4 Nf6 5. Nc3 Bb4 6. Nxc6 bxc6 7. Bd3 d5 8. exd5 cxd5 9. O-O O-O 10. Bg5 c6 11. Qf3 h6 12. Bxf6 Qxf6 13. Qxf6 gxf6 14. Ne2 Bd6 15. f4 Rb8 16. b3 c5 17. Ng3 Rb4 18. Nh5 c4 19. Nxf6+ Kh8 20. Be2 Bb7 21. c3 Rb6 22. Nd7 Re8 23. Nxb6 Rxe2 24. Na4 d4 25. Rf2 Re4 26. cxd4 Rxd4 27. Raf1 Ba6 28. Re1 Bxf4 29. Nc5 Bb5 30. g3 Bd6 31. Ne4 Bc7 32. Nf6 Bb6 33. Kg2 Bc6+ 34. Kh3 Rd6 35. Rf5 Bd8 36. Ne8 Rd2 37. Rxf7 Bd7+ 38. g4 Rd3+ 39. Kg2 c3 40. Nf6 Bc6+ 41. Kf1 Rf3+ 42. Ke2 Rxf6 43. Rxa7 Bb6 44. Ra3 Bb5+ 45. Kd1 Rf2 46. Ra8+ Kg7 47. Re7+ Kg6 48. Rg8+ Kf6 49. Rf8+ Kxe7 50. Rxf2 Bxf2 51. Kc2 Bd4 52. a4 Bc6 53. Kd3 Be5 54. a5 Bb5+ 55. Kc2 Kd6 56. h4 Kc5 57. g5 hxg5 58. hxg5 Kb4 59. g6 Kxa5 60. Kc1 Kb4 61. Kb1 Kxb3 62. Kc1 Bf4+ 63. Kd1 c2+ 64. Ke1 c1=Q+ 0-1

[Event "FIDE World Blitz-ch Women 2018"]
[Site "St. Petersburg"]
[Date "2018.12.30"]
[Round "12.35"]
[White "Shuvalova, Polina"]
[Black "Paramzina, Anastasya"]
[Result "1/2-1/2"]
[WhiteElo "2441"]
[BlackElo "2229"]
[Annotator "NA RC"]
[PlyCount "97"]
[EventDate "2018.12.19"]
[EventType "swiss"]
[EventCountry "RUS"]
[SourceTitle "playchess.com"]
[Source "ChessBase"]
[SourceQuality "1"]

1. e4 c5 2. Nf3 d6 3. d4 cxd4 4. Nxd4 Nf6 5. Nc3 a6 6. a3 h6 7. Be2 b5 8. O-O Bb7 9. Bf3 Qc7 10. Nd5 Nxd5 11. exd5 Nd7 12. Bf4 g5 13. Bg3 Bg7 14. Re1 Ne5 15. Nf5 Bf6 16. c3 Kf8 17. Be4 h5 18. h4 g4 19. Qe2 Ng6 20. Rad1 Re8 21. Qd2 Bc8 22. a4 Bxf5 23. Bxf5 Nxh4 24. Bd3 Rb8 25. axb5 axb5 26. Ra1 Ng6 27. Bxg6 fxg6 28. Qe2 h4 29. Bf4 Qc5 30. Qe6 g3 31. Be3 Qc4 32. Ra7 gxf2+ 33. Bxf2 Re8 34. Rd7 h3 35. gxh3 Qf4 36. Qg4 Qd2 37. Re2 Qc1+ 38. Kh2 Be5+ 39. Bg3 Bf6 40. Rf2 Kg7 41. Bxd6 Qe3 42. Bg3 Rxh3+ 43. Kxh3 Rh8+ 44. Kg2 Qe1 45. Rf1 Qd2+ 46. Rf2 Qe1 47. Qxg6+ Kxg6 48. Rxf6+ exf6 49. Bxe1 1/2-1/2

[Event "FIDE World Blitz-ch Women 2018"]
[Site "St. Petersburg"]
[Date "2018.12.30"]
[Round "12.36"]
[White "Tomilova, Elena"]
[Black "Injac, Teodora"]
[Result "1/2-1/2"]
[WhiteElo "2338"]
[BlackElo "2325"]
[Annotator "NA"]
[PlyCount "206"]
[EventDate "2018.12.19"]
[EventType "swiss"]
[EventCountry "RUS"]
[SourceTitle "playchess.com"]
[Source "ChessBase"]
[SourceQuality "1"]

1. c4 g6 2. Nc3 Bg7 3. g3 Nf6 4. Bg2 O-O 5. Nf3 d6 6. O-O e5 7. d3 Nc6 8. Rb1 a5 9. a3 h6 10. b4 axb4 11. axb4 Be6 12. b5 Ne7 13. e4 Nd7 14. Nd5 Nc5 15. Be3 c6 16. Nxe7+ Qxe7 17. Qc2 Qc7 18. Nd2 Ra3 19. Bxc5 dxc5 20. bxc6 bxc6 21. Rb3 Qa5 22. Rfb1 Ra2 23. R3b2 Rxb2 24. Qxb2 h5 25. Nf3 Rd8 26. Bf1 Bg4 27. Ne1 Qc7 28. f3 Be6 29. Qb6 Qd6 30. Qb2 Bh6 31. Kf2 h4 32. Ng2 hxg3+ 33. hxg3 Qd4+ 34. Qxd4 cxd4 35. Rb6 Rc8 36. f4 Bg7 37. fxe5 Bxe5 38. Nf4 Bd7 39. Rb7 Bg4 40. Be2 Bxe2 41. Kxe2 Bxf4 42. gxf4 Kf8 43. e5 c5 44. Kf3 Rc6 45. Ke4 Kg7 46. Ra7 Rb6 47. Kd5 Rb3 48. Kxc5 Rxd3 49. Rd7 Kf8 50. Rxd4 Rf3 51. Kd6 Ke8 52. c5 Kd8 53. c6 Rc3 54. Ra4 Rd3+ 55. Kc5 Rc3+ 56. Kd5 Rd3+ 57. Ke4 Rc3 58. Kd5 Rd3+ 59. Rd4 Rc3 60. e6 fxe6+ 61. Kxe6+ Kc7 62. Kf6 Rxc6+ 63. Kg5 Re6 64. Ra4 Kd7 65. Ra7+ Ke8 66. Rg7 Kf8 67. Rxg6 Re1 68. Ra6 Rg1+ 69. Kf6 Kg8 70. Ra8+ Kh7 71. f5 Rf1 72. Ke6 Kg7 73. Ra7+ Kf8 74. Kf6 Kg8 75. Ra8+ Kh7 76. Rf8 Ra1 77. Re8 Rf1 78. Re7+ Kg8 79. Rg7+ Kf8 80. Ra7 Kg8 81. Ra8+ Kh7 82. Ke6 Kg7 83. Ra7+ Kf8 84. Kf6 Kg8 85. Ra8+ Kh7 86. Rf8 Ra1 87. Rf7+ Kg8 88. Rc7 Rf1 89. Kg6 Rg1+ 90. Kf6 Rf1 91. Rc8+ Kh7 92. Rc7+ Kg8 93. Rd7 Ra1 94. Kg6 Rg1+ 95. Kf6 Ra1 96. Rd4 Ra6+ 97. Kg5 Ra1 98. Rg4 Kf7 99. Rb4 Rg1+ 100. Kf4 Rf1+ 101. Ke5 Re1+ 102. Kf4 Rf1+ 103. Kg5 Rg1+ 1/2-1/2